Use of heveaplus latex in tyre cord adhesives (Record no. 71845)

MARC details
000 -LEADER
fixed length control field 00388nam a2200157Ia 4500
100 ## - MAIN ENTRY--AUTHOR NAME
Personal name Loan L D
245 #0 - TITLE STATEMENT
Title Use of heveaplus latex in tyre cord adhesives
260 ## - PUBLICATION, DISTRIBUTION, ETC. (IMPRINT)
Name of publisher Rubber Developments
Year of publication 1963
300 ## - PHYSICAL DESCRIPTION
Number of Pages 45-46
650 ## - SUBJECT ADDED ENTRY--TOPICAL TERM
Topical Term Adhesives
650 ## - SUBJECT ADDED ENTRY--TOPICAL TERM
Topical Term Heveaplus
650 ## - SUBJECT ADDED ENTRY--TOPICAL TERM
Topical Term Heveaplus latex
650 ## - SUBJECT ADDED ENTRY--TOPICAL TERM
Topical Term Tyre cord
942 ## - ADDED ENTRY ELEMENTS (KOHA)
Koha item type Journals
Holdings
Withdrawn status Lost status Damaged status Not for loan Home library Current library Shelving location Date acquired Serial Enumeration / chronology Koha item type
      Journals RRII Library RRII Library Rubber chemistry 17/12/2021 Volume 16, Issue 2 Journals